Trio of terrans! / (Record no. 403600)
[ view plain ]
| 000 -LEADER | |
|---|---|
| fixed length control field | 01484nam a2200397 i 4500 |
| 001 - CONTROL NUMBER | |
| control field | zcodcb b8734260 |
| 005 - DATE AND TIME OF LATEST TRANSACTION | |
| control field | 20250114134719.0 |
| 007 - PHYSICAL DESCRIPTION FIXED FIELD--GENERAL INFORMATION | |
| fixed length control field | t| |
| 008 - FIXED-LENGTH DATA ELEMENTS--GENERAL INFORMATION | |
| fixed length control field | 241212s2024 nyua b 000 1 eng d |
| 010 ## - LIBRARY OF CONGRESS CONTROL NUMBER | |
| LC control number | bl2024032595 |
| 020 ## - INTERNATIONAL STANDARD BOOK NUMBER | |
| International Standard Book Number | 9781665964463 |
| Qualifying information | hardcover |
| 020 ## - INTERNATIONAL STANDARD BOOK NUMBER | |
| International Standard Book Number | 9781665964456 |
| Qualifying information | paperback |
| 020 ## - INTERNATIONAL STANDARD BOOK NUMBER | |
| International Standard Book Number | 9781223248158 |
| Qualifying information | Follett binding |
| 020 ## - INTERNATIONAL STANDARD BOOK NUMBER | |
| International Standard Book Number | 1665964464 |
| 040 ## - CATALOGING SOURCE | |
| Original cataloging agency | GCmBT |
| Language of cataloging | eng |
| Transcribing agency | GCmBT |
| Description conventions | rda |
| 092 ## - LOCALLY ASSIGNED DEWEY CALL NUMBER (OCLC) | |
| Classification number | children leveled |
| Item number | Transformers |
| 100 1# - MAIN ENTRY--PERSONAL NAME | |
| Personal name | Le, Maria, |
| Relator term | author. |
| Relator code | aut. |
| 9 (RLIN) | 6477864 |
| 245 10 - TITLE STATEMENT | |
| Title | Trio of terrans! / |
| Statement of responsibility, etc | adapted by Maria Le. |
| 264 #1 - Production, Publication, Distribution, Manufacture, and Copyright Notice. | |
| Place of production, publication, distribution, manufacture | New York : |
| Name of producer, publisher, distributor, manufacturer | Simon Spotlight, |
| Date of production, publication, distribution, manufacture, or copyr | 2024. |
| 300 ## - PHYSICAL DESCRIPTION | |
| Extent | 1 volume (unpaged) : |
| Other physical details | color illustrations ; |
| Dimensions | 23 cm. |
| 336 ## - Content Type | |
| Content type term | text |
| 336 ## - Content Type | |
| Content type term | still image |
| 337 ## - Media type | |
| Media type term | unmediated |
| 338 ## - Carrier type | |
| Carrier type term | volume |
| 490 1# - SERIES STATEMENT | |
| Series statement | Ready-to-read. Level two, Superstar reader! |
| 500 ## - GENERAL NOTE | |
| General note | At head of title: Transformers, EarthSpark. |
| 520 ## - SUMMARY, ETC. | |
| Summary, etc | "Autobot siblings Nightshade, Jawbreaker, and Hashtag have a lot to learn. Join them as they navigate their new world and select their alt-modes!"-- |
| 650 #1 - SUBJECT ADDED ENTRY--TOPICAL TERM | |
| Topical term or geographic name as entry element | Robots |
| Form subdivision | Fiction. |
| 9 (RLIN) | 5680224 |
| 650 #1 - SUBJECT ADDED ENTRY--TOPICAL TERM | |
| Topical term or geographic name as entry element | Siblings |
| Form subdivision | Fiction. |
| 9 (RLIN) | 5708994 |
| 650 #1 - SUBJECT ADDED ENTRY--TOPICAL TERM | |
| Topical term or geographic name as entry element | Science fiction. |
| 650 #1 - SUBJECT ADDED ENTRY--TOPICAL TERM | |
| Topical term or geographic name as entry element | Picture books. |
| 655 #7 - INDEX TERM--GENRE/FORM | |
| Genre/form data or focus term | Picture books. |
| Source of term | lcgft. |
| 730 0# - ADDED ENTRY--UNIFORM TITLE | |
| Uniform title | Transformers, EarthSpark (Television program) |
| 9 (RLIN) | 6480077 |
| 830 #0 - SERIES ADDED ENTRY--UNIFORM TITLE | |
| Uniform title | Ready-to-read. |
| Number of part/section of a work | Level two, |
| Name of part/section of a work | Superstar reader! |
| 9 (RLIN) | 5699320 |
| 942 ## - ADDED ENTRY ELEMENTS (KOHA) | |
| Source of classification or shelving scheme | Dewey Decimal Classification |
| Koha item type | BOOK |
| Withdrawn status | Lost status | Source of classification or shelving scheme | Damaged status | Not for loan | Collection code | Home library | Current library | Shelving location | Date acquired | Source of acquisition | Total Checkouts | Total Renewals | Full call number | Barcode | Checked out | Date last seen | Date checked out | Cost, replacement price | Price effective from | Koha item type |
|---|---|---|---|---|---|---|---|---|---|---|---|---|---|---|---|---|---|---|---|---|
| Dewey Decimal Classification | Children Leveled | Wasatch County Library | Wasatch County Library | Main Floor Childrens Area | 01/14/2025 | Micromarketing | 7 | 8 | E Transformers | 34301002143446 | 04/25/2026 | 02/24/2026 | 02/24/2026 | 18.99 | 01/14/2025 | BOOK | ||||
| Dewey Decimal Classification | Children Leveled | Wasatch County Library | Wasatch County Library | Main Floor Childrens Area | 04/28/2025 | Penworthy | 5 | 3 | E Transformers | 34301002153882 | 02/04/2026 | 01/14/2026 | 19.96 | 04/28/2025 | BOOK |
